000 00727nam a2200265Ia 4500
005 20260121170327.0
008 008 260114s9999 xx 000 0 eng d
020 _a9783319704791
037 _aEBOOK
040 _aCRL
040 _beng
040 _cCRL
041 _2eng
041 _aeng
084 _qCRL
100 _aWalter Leal Filho, Evangelos Manolas, Anabela Marisa Azul, Ulisses M. Azeiteiro, Henry McGhie
_91062536
245 0 _aHandbook of Climate Change Communication: Vol. 3
260 _bSpringer
260 _bSpringer
260 _c2018
856 _uhttps://link.springer.com/openurl?genre=book&isbn=978-3-319-70479-1
942 _cEBOOK
999 _c1628265
_d1628265